[Event "Heusenstamm Sparkassen op-A 2nd"]
[Site "Heusenstamm"]
[Date "2015.11.26"]
[Round "1"]
[White "Kornilov, Alexander"]
[Black "Kuepper, Martin"]
[Result "0-1"]
[WhiteElo "1653"]
[BlackElo "2013"]
[PlyCount "32"]
[EventDate "2015.11.26"]
[EventType "swiss"]
[EventRounds "7"]
[EventCountry "GER"]
[SourceTitle "EXT 2018"]
[Source "ChessBase"]
[SourceDate "2017.10.13"]
[SourceVersion "1"]
[SourceVersionDate "2017.10.13"]
[SourceQuality "1"]

1. d4 Nf6 2. Nf3 d5 3. Bf4 c5 4. e3 Nc6 5. c3 e6 6. Nbd2 Be7 7. h3 b6 8. Bb5 Bd7 9. a3 0-0 10. 0-0 Ne4 11. Qa4 a6 12. Nxe4 axb5 13. Qxb5 dxe4 14. Nd2 Nxd4 15. Qc4 Bb5 16. Qa2 Ne2+ 0-1

[Event "Hessen-ch U17 op"]
[Site "Bad Homburg"]
[Date "2015.04.01"]
[Round "4"]
[White "Shustikov, Nikolaj"]
[Black "Kornilov, Alexander"]
[Result "0-1"]
[WhiteElo "1230"]
[BlackElo "1653"]
[PlyCount "90"]
[EventDate "2015.03.30"]
[EventType "swiss"]
[EventRounds "7"]
[EventCountry "GER"]
[SourceTitle "EXT 2017"]
[Source "ChessBase"]
[SourceDate "2016.10.25"]
[SourceVersion "1"]
[SourceVersionDate "2016.10.25"]
[SourceQuality "1"]

1. e4 c5 2. Nf3 Nc6 3. Bc4 e6 4. d3 h6 5. Be3 d5 6. exd5 exd5 7. Bb5 Bd7 8. 0-0 Nf6 9. Re1 Be6 10. Ne5 Qc7 11. Nf3 d4 12. Bd2 Bd6 13. Bc4 Nd8 14. Na3 a6 15. Bxe6 Nxe6 16. Nc4 0-0 17. Ba5 Qc6 18. Nxd6 Qxd6 19. c3 b6 20. cxd4 bxa5 21. dxc5 Qxc5 22. d4 Qb6 23. Qd2 Rad8 24. Red1 Rd5 25. Rac1 Rfd8 26. Rc4 Qb5 27. Qc2 Qb7 28. Rc6 Kh8 29. Ne5 Nxd4 30. Rxd4 Rxd4 31. h3 Rd1+ 32. Kh2 Qe7 33. Nf3 R1d6 34. Rc7 Qe4 35. Qb3 Qf4+ 36. g3 Qf5 37. Qxf7 R6d7 38. Rxd7 Qxd7 39. Ne5 Qd2 40. Ng6+ Kh7 41. Nf8+ Rxf8 42. Qxf8 Qxf2+ 43. Kh1 Qf1+ 44. Kh2 Ng4+ 45. hxg4 Qxf8 0-1

[Event "Hessen-ch U12"]
[Site "Bad Homburg"]
[Date "2012.??.??"]
[Round "4"]
[White "Kornilov, Alexander"]
[Black "Rudolph, Sebastian"]
[Result "1-0"]
[WhiteElo "1198"]
[BlackElo "895"]
[PlyCount "69"]
[EventDate "2012.04.??"]
[EventType "swiss"]
[EventRounds "9"]
[EventCountry "GER"]
[SourceTitle "EXT 2015"]
[Source "ChessBase"]
[SourceDate "2014.11.20"]
[SourceVersion "1"]
[SourceVersionDate "2014.11.20"]
[SourceQuality "1"]

1. Nf3 Nc6 2. d4 d5 3. Bf4 Bf5 4. c3 e6 5. e3 Bd6 6. Bxd6 cxd6 7. Nbd2 Nf6 8. Be2 0-0 9. 0-0 Ne4 10. Re1 h6 11. Nf1 Qe7 12. Ng3 Nxg3 13. fxg3 Rae8 14. Bb5 Qd8 15. Bxc6 bxc6 16. Nh4 Bg6 17. Rf1 e5 18. Nxg6 fxg6 19. Rxf8+ Rxf8 20. Qg4 Qf6 21. Qe2 Qf7 22. Rf1 Qe8 23. Rxf8+ Qxf8 24. Qa6 Qb8 25. Qxc6 Qxb2 26. Qxd5+ Kh7 27. h3 Qc1+ 28. Kh2 Qxe3 29. Qxd6 Qxc3 30. dxe5 Kg8 31. e6 Qe3 32. Qd8+ Kh7 33. e7 Qe6 34. e8Q Qg8 35. Qxg8# 1-0

[Event "Hessen-ch U12"]
[Site "Bad Homburg"]
[Date "2012.??.??"]
[Round "3"]
[White "Reinecke, Katharina"]
[Black "Kornilov, Alexander"]
[Result "1/2-1/2"]
[WhiteElo "1060"]
[BlackElo "1198"]
[PlyCount "41"]
[EventDate "2012.04.??"]
[EventType "swiss"]
[EventRounds "9"]
[EventCountry "GER"]
[SourceTitle "EXT 2015"]
[Source "ChessBase"]
[SourceDate "2014.11.20"]
[SourceVersion "1"]
[SourceVersionDate "2014.11.20"]
[SourceQuality "1"]

1. e4 e5 2. Nf3 Nc6 3. Bc4 Bc5 4. c3 d6 5. h3 Be6 6. Bxe6 fxe6 7. d4 exd4 8. cxd4 Bb6 9. 0-0 h6 10. Re1 Nce7 11. e5 d5 12. Nc3 a6 13. Be3 Nf5 14. Qd2 Nxe3 15. Qxe3 Ne7 16. Qd2 Qd7 17. a3 0-0-0 18. b3 Nf5 19. Na4 Ba7 20. Qc3 c6 21. Nc5 1/2-1/2

[Event "Hessen-ch U12"]
[Site "Bad Homburg"]
[Date "2012.??.??"]
[Round "5"]
[White "Spitzl, Vinzent"]
[Black "Kornilov, Alexander"]
[Result "1-0"]
[WhiteElo "1722"]
[BlackElo "1198"]
[PlyCount "93"]
[EventDate "2012.04.??"]
[EventType "swiss"]
[EventRounds "9"]
[EventCountry "GER"]
[SourceTitle "EXT 2015"]
[Source "ChessBase"]
[SourceDate "2014.11.20"]
[SourceVersion "1"]
[SourceVersionDate "2014.11.20"]
[SourceQuality "1"]

1. e4 e5 2. Nf3 Nc6 3. Bb5 a6 4. Ba4 d6 5. 0-0 Nf6 6. Re1 Be7 7. c3 b5 8. Bc2 Bg4 9. h3 Bh5 10. d3 Qd7 11. Nbd2 0-0 12. Nf1 Nd8 13. Ng3 Bg6 14. Nh4 Rc8 15. Nhf5 Bxf5 16. Nxf5 Re8 17. Qf3 Qe6 18. Bb3 d5 19. exd5 Qb6 20. Rxe5 Bd6 21. Rxe8+ Nxe8 22. Nxd6 Qxd6 23. Be3 Nf6 24. Re1 Nb7 25. Bf4 Qd7 26. d4 Na5 27. Bc2 Qxd5 28. Qxd5 Nxd5 29. Bg3 g6 30. Bd3 Nb6 31. Re7 c6 32. Ra7 Ra8 33. Rxa8+ Nxa8 34. Be4 Kf8 35. b4 Nc4 36. Bxc6 Nab6 37. Bb7 a5 38. bxa5 Nxa5 39. Ba6 b4 40. Bd6+ Kg7 41. Bxb4 Nc6 42. Bb5 Nxb4 43. cxb4 Nd5 44. a3 Nc3 45. Bc4 Ne4 46. b5 Nd6 47. b6 1-0

[Event "Karl Mala Memorial op 13th"]
[Site "Frankfurt"]
[Date "2010.07.11"]
[Round "6"]
[White "Kornilov, Alexander"]
[Black "Peschk, Kathrin"]
[Result "1-0"]
[WhiteElo "1235"]
[BlackElo "922"]
[PlyCount "61"]
[EventDate "2010.07.08"]
[EventType "swiss"]
[EventRounds "7"]
[EventCountry "GER"]
[SourceTitle "EXT 2012"]
[Source "ChessBase"]
[SourceDate "2011.11.24"]
[SourceVersion "1"]
[SourceVersionDate "2011.11.24"]
[SourceQuality "1"]

1. c4 e5 2. Nc3 Bc5 3. e3 Nc6 4. g3 d6 5. Bg2 Bd7 6. Nge2 Nge7 7. d4 exd4 8. exd4 Bb4 9. a3 Bxc3+ 10. Nxc3 Rb8 11. 0-0 0-0 12. f4 Nc8 13. Be3 N6e7 14. Re1 b6 15. Qc2 Nf5 16. Be4 g6 17. b4 Nxe3 18. Rxe3 Ne7 19. Nd5 Nf5 20. Bxf5 Bxf5 21. Qc3 c6 22. Ne7+ Kh8 23. Nxc6 Qd7 24. Nxb8 Rxb8 25. d5+ Kg8 26. b5 Re8 27. Rxe8+ Qxe8 28. Re1 Qd7 29. Qe3 Kf8 30. Qd4 Qc7 31. Qh8# 1-0

[Event "Karl Mala Memorial op 13th"]
[Site "Frankfurt"]
[Date "2010.07.10"]
[Round "4"]
[White "Kornilov, Alexander"]
[Black "Berkes, Alexander"]
[Result "0-1"]
[WhiteElo "1235"]
[BlackElo "1651"]
[PlyCount "78"]
[EventDate "2010.07.08"]
[EventType "swiss"]
[EventRounds "7"]
[EventCountry "GER"]
[SourceTitle "EXT 2012"]
[Source "ChessBase"]
[SourceDate "2011.11.24"]
[SourceVersion "1"]
[SourceVersionDate "2011.11.24"]
[SourceQuality "1"]

1. c4 e5 2. Nc3 Nf6 3. Nf3 d6 4. d4 Nbd7 5. g3 g6 6. Bg2 Bg7 7. 0-0 0-0 8. Bg5 h6 9. Bxf6 Qxf6 10. Nd5 Qd8 11. e3 c6 12. Nc3 Re8 13. Re1 Qb6 14. b3 exd4 15. Nxd4 Bxd4 16. Qxd4 Qxd4 17. exd4 Nf6 18. Ne4 Nxe4 19. Rxe4 Bf5 20. Re3 Kf8 21. Rae1 g5 22. Be4 Bxe4 23. Rxe4 f5 24. Rxe8+ Rxe8 25. Rxe8+ Kxe8 26. Kg2 Ke7 27. f4 g4 28. Kf2 Kd7 29. a4 c5 30. d5 Kc7 31. Ke3 Kb6 32. Kd3 Ka5 33. Kc3 a6 34. Kc2 Kb4 35. Kb2 a5 36. Kc2 Ka3 37. Kc3 Ka2 38. Kc2 h5 39. Kc3 Kb1 0-1